TEXT BOOK OF BIOCHEMISTRY FOR MEDICAL STUDENTS (Record no. 9631)

MARC details
000 -LEADER
fixed length control field 00366nam a22001577a 4500
003 - CONTROL NUMBER IDENTIFIER
control field SGT
020 ## - INTERNATIONAL STANDARD BOOK NUMBER
International Standard Book Number 978-93-85999-74-1
082 ## - DEWEY DECIMAL CLASSIFICATION NUMBER
Classification number 615.015
Item number B16V
100 ## - MAIN ENTRY--PERSONAL NAME
Personal name VASUDEVAN, DM
245 ## - TITLE STATEMENT
Title TEXT BOOK OF BIOCHEMISTRY FOR MEDICAL STUDENTS
250 ## - EDITION STATEMENT
Edition statement 8TH
260 ## - PUBLICATION, DISTRIBUTION, ETC. (IMPRINT)
Place of publication, distribution, etc DELHI
Name of publisher, distributor, etc HEALTH SCIENCE
Year of Publication 2016
300 ## - PAGE DESCRIPTION
No. of Pages 718
650 ## - SUBJECT ADDED ENTRY--TOPICAL TERM
Topical term or geographic name as entry element BIOCHEMISTRY
942 ## - ADDED ENTRY ELEMENTS (KOHA)
Source of classification or shelving scheme Dewey Decimal Classification
Koha item type Books
942 ## - ADDED ENTRY ELEMENTS (KOHA)
-- 4
Holdings
Withdrawn status Lost status Source of classification or shelving scheme Damaged status Not for loan Collection code Home library Current library Shelving location Date acquired Vendor Name Cost, normal purchase price SGTU Bill Number Total Checkouts Full call number Accession No. (Barcode) Date last seen Date last borrowed Bill Date Koha item type
    Dewey Decimal Classification     PHARMACY SGT FA-FP Library SGT FA-FP Library Text Book 25/07/2016 UNIVERSAL BOOK 895.00 SGTU 156 16 615.015 B16V FP1971 11/01/2021 02/01/2021 15/07/2016 Books
    Dewey Decimal Classification     PHARMACY SGT FA-FP Library SGT FA-FP Library Reference Book 25/07/2016 UNIVERSAL BOOK 895.00 SGTU 156 12 615.015 B16V FP1972 14/05/2018 30/04/2018 15/07/2016 Books
    Dewey Decimal Classification     PHARMACY SGT FA-FP Library SGT FA-FP Library Text Book 25/07/2016 UNIVERSAL BOOK 895.00 SGTU 156 18 615.015 B16V FP1973 08/07/2025 26/07/2024 15/07/2016 Books
    Dewey Decimal Classification     PHARMACY SGT FA-FP Library SGT FA-FP Library Text Book 25/07/2016 UNIVERSAL BOOK 895.00 SGTU 156 19 615.015 B16V FP1974 04/02/2025 15/01/2025 15/07/2016 Books
    Dewey Decimal Classification     PHARMACY SGT FA-FP Library SGT FA-FP Library Text Book 25/07/2016 UNIVERSAL BOOK 895.00 SGTU 156 22 615.015 B16V FP1975 19/11/2025 06/11/2025 15/07/2016 Books